000 00366 a2200169 4500
001 188211
020 _a85-322-4549-8
040 _cMagnum
100 _aCarraro, Fernando
240 1 0 _aO catador de papel II
_lpor
245 1 0 _aO catador de papel II
300 _a39
362 0 _a2000
440 1 _aFTD
697 _aLITERATURA INFANTO-JUVENIL
942 _cBK
999 _c188211
_d188211